00337nam a2200121Ia 4500008004100000020001400041050001500055100001600070245005500086260003700141300002400178650001300202150202s9999 xx 000 0 und d a553575708 aFIC bFIC  aJeter, K.W. aBlade runner 2 :bthe edge of human /cK.W. Jeter. aNew York :bBantam Books,c1995. a292 pages :c18 cm. aFiction.